Vybrané sociálno-ekonomické charakteristiky Slovenskej republiky

Bibliographic Details
Main Authors: Búšik, Jozef, 1950- (Author), Královičová, Svetlana (Author), Maruščáková, Anikó (Author)
Format: Book
Language:Slovak
PhysicalDescription:178 s., 18 tab. a 8 grafov na príl. grafy, mp., sch., tab. 29 cm
Published: Bratislava Ministerstvo vnútra Slovenskej republiky 2002
ISBN:8089051022
Edition:1. vyd.
Series:Fakty, rozbory, štúdie
Subjects:

MARC

LEADER 00000nam a2200000 a 4500
001 vtls001458098
003 SK-MaSNL
005 20260425231202.0
008 251113s2002 xo ab gr slo
015 |a SNBA2004/02-01001 
020 |a 8089051022 
035 |a SNK000413405 
035 |a urn:nbn:sk:snk-amygz7 
035 |a urn:nbn:sk:snk-am00ck0g 
035 |a 9B601CFB-9E39-4DDF-8EC1-8BB02857FABB 
040 |a SNK  |b slo  |c SNK  |e AACR2 
041 0 |a slo 
044 |a xo  |c SK 
072 7 |a 314  |2 konspekt 
080 |a 304(437.6)  |2 2. slo 
080 |a 314(437.6)  |2 2. slo 
080 |a 33  |2 1981 
080 |a 304  |2 1981 
080 |a 314  |2 1981 
080 |a 353  |2 1981 
080 |a (437.6)  |2 1981 
080 |a (048.8)  |2 1981 
100 1 |a Búšik, Jozef,  |d 1950-  |4 aut  |9 242062 
245 1 |a Vybrané sociálno-ekonomické charakteristiky Slovenskej republiky  |c [autori: Jozef Búšik, Svetlana Královičová, Anikó Maruščáková] 
250 |a 1. vyd. 
260 |a Bratislava  |b Ministerstvo vnútra Slovenskej republiky  |c 2002 
300 |a 178 s., 18 tab. a 8 grafov na príl.  |b grafy, mp., sch., tab.  |c 29 cm 
490 1 |a Fakty, rozbory, štúdie ;  |v 18 
500 |a Obalový názov 
504 |a Bibliogr. Zoz. príl. 
650 0 7 |a ekonómia  |2 SNKPH  |9 788 
650 0 7 |a demografický výskum  |2 SNKPH  |9 4653 
650 0 7 |a územná správa  |2 SNKPH  |9 801 
651 7 |a Slovensko  |2 SNKPHgeo  |9 14231 
655 7 |a príručky  |2 SNK  |9 74364 
655 7 |a štúdie  |2 SNK  |9 57033 
700 1 |a Královičová, Svetlana  |4 aut  |9 395764 
700 1 |a Maruščáková, Anikó  |4 aut  |9 395766 
830 0 |a Fakty, rozbory, štúdie  |9 442212 
919 |a 80-89051-02-2 
958 0 7 |a NB 
968 |d 30/31 
999 |c 697166  |d 699096 
952 |t P60, <03>, [BOOK], {603}  |a SNK  |b SNK  |y PREZ  |7 0  |p 17A0393029  |o snkSB 67080  |i snkKSP 9841/2003  |0 0  |1 0  |4 0  |d 2003-08-07  |f 1  |l 0  |r 2025-04-23 00:00:00  |w 2026-02-23 
952 |t P60, <04>, [BOOK], {604}  |a SNK  |b SNK  |y VYP  |7 0  |p 17A0401943  |o snkSB 67080 D1  |i snkKSP 13862/2003  |0 0  |1 0  |4 0  |d 2003-10-27  |l 0  |r 2005-01-02 00:00:00  |w 2026-02-23